000 00932nam a22002897a 4500
003 DO-SdBPM
005 20250729110008.0
007 ta
008 160916b2014 sp|| || 00| 0 spa d
020 _a9781499765670
040 _aDO-SdBPM
_bspa
_cBPMSU
_erda
082 4 _a615.53
_bM965c 2014
_222
100 1 _a Mundo-Millán, Gladys
245 1 0 _aCristaloterapia I :
_benergización con cuarzos, piedras y minirales : manual sencillo y práctico /
_c Gladys Mundo-Millán
260 _a
_b
_c
264 _aEstados Unidos :
_b[sin ed] ,
_c 2019
300 _a 36 páginas ;
_c23 cm
_b
336 _atexto
_btxt
_2rdacontent
337 _asin mediación
_bn
_2rdamedia
338 _avolumen
_bnc
_2rdacarrier
590 _aInventariado, 2025/VM
650 7 _aTerapias alternativas.
650 7 _a Naturopatía.
650 7 _aTerapias alternativas
910 _aVMateo V. Control de calidad. BPMSU
942 _2ddc
_cBK
999 _c15285
_d15285